000 00799nam a22002177a 4500
005 2009082708098.0
008 090827t xxu||||| |||| 00| 0 eng d
010 _aENG-94929
020 _a9788190821025
_c90.00
035 _aEN-78462
037 _bDBAD / PUB
040 _adpl
_bEnglish
082 _a333.7
100 _aGnana Guru, K.
245 _aElements of environmental economics /
_cby K. Gnana Guru
260 _aCoimbatore
_bA.E. Publications
_c2009
270 _aNo.10, Sundaram St.-1, P.N. Pudur,
_bCoimbatore
_e641041
300 _a100p.
_c22cm(pbk)
942 _2ddc
_cEN
_mGNA
_h333.7
999 _c29697
_d29697